000 00444nam a2200169Ia 4500
005 20241217015702.0
008 240331s9999 xx 000 0 und d
020 _a9780761935704
082 _bPAU
_26172
_a305
245 0 _aWomen in Peace Politics
260 _aNew Delhi
_bSAGE Publications India Pvt Ltd
_c2008
300 _axix, 323 p., (V3)
650 _aWomen
650 _aPeace Politics
700 _aBanerjee, Paula
_eedt
942 _cL
999 _c5769
_d5769